College Basketball Coach or Jazz Musician? - Statistics

General Stats
  • This quiz has been taken 84 times
  • The average score is 12 of 20
Answer Stats
Question Answer % Correct
Buzz Williams Basketball Coach
86%
Dusty May Basketball Coach
83%
Shaka Smart Basketball Coach
83%
Jelly Roll Morton Jazz Musician
83%
Herb Sendek Basketball Coach
69%
Bix Beiderbecke Jazz Musician
63%
Cannonball Adderley Jazz Musician
63%
Tubby Smith Basketball Coach
60%
Peanuts Hucko Jazz Musician
60%
Speedy Claxton Basketball Coach
57%
Tad Boyle Basketball Coach
57%
Tony Bennett Both
54%
Buddy Rich Jazz Musician
49%
Philly Joe Jones Jazz Musician
49%
King Rice Basketball Coach
46%
Barclay Radebaugh Basketball Coach
43%
Duggar Baucom Basketball Coach
43%
Jaco Pastorius Jazz Musician
43%
Django Reinhardt Jazz Musician
40%
Joe Zawinul Jazz Musician
34%
No matching quizzes found
Score Distribution
Percent of People with Each Score
Percentile by Number Answered
Your Score History
You have not taken this quiz